Pays les plus peuplés en 1700 - Statistiques

Statistiques générales
  • Ce quiz a été pris 71 fois
  • Le résultat moyen est 18 sur 30
Statistiques - réponses
Population Pays % Correct
21 470 000 Royaume de France
100%
150 000 000 Chine des Qing
99%
24 530 000 Empire espagnol
99%
2 300 000 Royaume du Portugal
96%
13 600 000 Tsarat de Russie
96%
158 000 000 Empire moghol
94%
5 000 000 Royaume d'Angleterre
85%
27 000 000 Japon (tokugawa)
84%
24 770 000 Empire ottoman
81%
10 000 000 Perse
75%
2 700 000 Empire suédois
72%
1 300 400 Danemark-Norvège
70%
9 989 000 Monarchie de Habsbourg
69%
9 000 000 République des Deux Nations
64%
1 800 000 Provinces-Unies
58%
12 000 000 Corée des Joseon
54%
2 500 000 Siam
54%
4 000 000 Empire chérifien
52%
2 000 000 Brandebourg-Prusse
49%
1 000 000 Khanat dzoungar
48%
8 000 000 Đại Việt
42%
1 260 000 Confédération suisse
40%
2 006 000 Royaume d'Irlande
40%
27 400 000 St Empire romain germanique
36%
1 650 000 Cambodge
34%
790 000 Royaume du Kongo
34%
2 000 000 République de Venise
27%
1 400 000 Etats de Savoie
16%
3 100 000 Népal
16%
- 1 000 000 Grand-duché de Toscane
9%
Aucun quiz correspondant
Distribution des résultats
% des personnes avec chaque résultat
Percentile par nombre de réponses
Votre historique - résultats
Vous n’avez pas pris ce quiz